000 00628nam a2200241Ia 4500
003 OSt
005 20221005123123.0
006 a|||||r|||| 00| 0
007 ta
008 221004b |||||||| |||| 00| 0 mar d
024 _a40215
037 _cTextual
040 _aCRL
_cCRL
_bmar
041 _2mar
_amar
082 _aO155,2M71,14, K3
100 _aKhadilkar Krishanaji
_9633164
245 0 _aKonchangadachi mohana
260 _c1963
300 _a84p.
_ccm.
650 _aMARATHI LITERATURE
_938000
942 _hO155,2M71,14, K3
_cTEXL
_2cc
999 _c1046430
_d1046430